| 000 | 00697nam a2200193 i 4500 | ||
|---|---|---|---|
| 001 | 173422 | ||
| 003 | ES-MaACL | ||
| 005 | 20250716063335.0 | ||
| 008 | 091201s1968 pr |||| | spa d | ||
| 080 | _a821.134.2(729.5)-14"19" | ||
| 100 | 1 |
_aZeno Gandía, Manuel, _d1855-1930 _9118184 |
|
| 245 | 1 | 3 |
_aLa poesía de Manuel Zeno Gandía / _cMargarita Gardón Franceschi. |
| 260 |
_a[San Juan (Puerto Rico)] : _bDepartamento de Instrucción Pública, _c1968. |
||
| 300 |
_a4 h., 110 p. ; _c23 cm. |
||
| 700 | 1 |
_aGardón Franceschi, Margarita. _9141687 |
|
| 710 | 1 |
_aPuerto Rico. _bDepartamento de Instrucción Pública. _96275 |
|
| 852 |
_aES-MaACL _jC-56993 |
||
| 999 |
_c173422 _d173422 |
||